Paroles "Mia" de Seysey ft Bolemvn - Statistiques

Statistiques générales
  • Ce quiz a été pris 14 fois
    8 depuis la dernière actualisation
  • Le résultat moyen est 197 sur 320
Statistiques - réponses
Paroles % Correct
Amor
100%
c'
100%
chérie,
100%
coco,
100%
de
100%
désolé,
100%
désolé
100%
doublement
100%
j'
100%
J'
100%
je
100%
Je
100%
m'
100%
mia,
100%
mia
100%
s'
100%
suis
100%
l'
83%
pas
83%
argent
67%
ce
67%
Ce
67%
67%
maman,
67%
maman
67%
ne
67%
Ne
67%
rentre
67%
soir,
67%
attendez
50%
dois
50%
faire
50%
Papa,
50%
rentrer
50%
t'
50%
ta
50%
amour ?
33%
attends
33%
chaque
33%
dire
33%
Dis
33%
dis
33%
dis-
33%
Dis-
33%
ennemis,
33%
est
33%
être
33%
finira
33%
humain
33%
le
33%
me
33%
moi
33%
moi,
33%
moi ?
33%
ou
33%
qu'
33%
que
33%
remplaçable
33%
sexe
33%
sur
33%
toi
33%
voix
33%
aimer,
17%
Bébé,
17%
bébé,
17%
bébé
17%
ça
17%
Ça
17%
car
17%
choisir
17%
comment
17%
deux,
17%
du
17%
entends
17%
entre
17%
Faut
17%
il
17%
imagines
17%
instant
17%
les
17%
Les
17%
mains,
17%
mais
17%
Mais
17%
marcher
17%
miens
17%
On
17%
peut
17%
plait
17%
pour
17%
qui
17%
quoi
17%
sais
17%
sera
17%
si
17%
sont
17%
te
17%
Tu
17%
tu
17%
veut
17%
aussi
0%
bat
0%
bon,
0%
cartes
0%
dans
0%
fais
0%
ici
0%
meilleur
0%
mon
0%
"Nalinguio"
0%
nom,
0%
sans
0%
Tes
0%
tes
0%
ton
0%
Aucun quiz correspondant
Distribution des résultats
% des personnes avec chaque résultat
Percentile par nombre de réponses
Votre historique - résultats
Vous n’avez pas pris ce quiz depuis la dernière actualisation